Prinesie negatívna demografia helikoptérové peniaze?

Monetárne systémy a ekonomické skutočnosti. Súčasný monetárny systém a problém vyrovnania sa s defláciou. Vplyv centrálnych bánk a vplyv demografie na infláciu. Definícia helikoptérových peňazí.

Uložené v:
Podrobná bibliografia
Hlavný autor: Boros, Kamil
Médium: Kapitola
Jazyk:Slovak
Predmet:
Tagy: Pridať tag
Žiadne tagy, Buďte prvý, kto otaguje tento záznam!

MARC

LEADER 00000naa a2200000 4500
001 0227059
005 20170217082009.6
041 0 |a slo 
044 |a CZ 
245 1 0 |a Prinesie negatívna demografia helikoptérové peniaze?  |c Kamil Boros 
520 |a Monetárne systémy a ekonomické skutočnosti. Súčasný monetárny systém a problém vyrovnania sa s defláciou. Vplyv centrálnych bánk a vplyv demografie na infláciu. Definícia helikoptérových peňazí. 
610 2 0 |a bankovníctvo 
610 2 0 |a banky centrálne 
610 2 0 |a inflácia 
610 2 0 |a deflácia 
610 2 0 |a politika menová 
610 2 0 |a hospodárstvo peňažné 
610 2 0 |a nástroje politiky menovej 
100 1 |a Boros, Kamil